Places in Between Places - Statistics

General Stats
  • This quiz has been taken 14 times
  • The average score is 9 of 10
Answer Stats
First Two Type of Place Answer % Correct
Canada, Russia Ocean Arctic Ocean
100%
Russia, Alaska Strait Bering Strait
100%
Florida, Mexico Gulf Gulf of Mexico
100%
Michigan, Wisconsin Lake Lake Michigan
100%
Canada, United States Waterfall Niagara Falls
100%
France, United Kingdom Channel English Channel
85%
Italy, Croatia Sea Adriatic Sea
77%
Sweden, Germany Country Denmark
77%
Minnesota, Missouri State Iowa
77%
China, Japan Peninsula Korean Peninsula
77%
No matching quizzes found
Score Distribution
Percent of People with Each Score
Percentile by Number Answered
Your Score History
You have not taken this quiz